| 000 | 00491nam a22001577a 4500 | ||
|---|---|---|---|
| 003 | NUST | ||
| 038 | _aNusrat Nadeem | ||
| 082 | _a200 | ||
| 100 |
_aRehman Zaira _9124215 |
||
| 245 |
_aModulation of Chemotherapy Resistance through Hypoxia Inducible Factor-1 (HIF-1) Inhibition/ _cZaira Rehman |
||
| 264 |
_aIslamabad; _bASAB NUST; _c2019. |
||
| 300 |
_a203,p; _bill; _c30,cm. |
||
| 650 |
_aPhD-Applied Biosciences _9123210 |
||
| 700 |
_aSupervisor:Dr.Attya Bhatti _9123912 |
||
| 942 |
_2ddc _cSC |
||
| 999 |
_c610145 _d610145 |
||